000 00467nam a2200193Ia 4500
008 230125s9999 xx 000 0 und d
020 _a0333090359-5
041 _aeng
082 _a823
_bTAG
100 _aTagore R
245 _aThe Wreck
260 _c2001
_bMacmillan publication
_aNew Delhi
300 _a519p
500 _aLiterature;English Literature
650 _aEnglish Literature
700 _aTagore R
906 _b23
999 _c90835
_d90835